The Barg's Self-Referential Logic Puzzle - Difficult - Statistics

General Stats
  • This quiz has been taken 65 times
  • The average score is 19 of 25
Answer Stats
Question Answer % Correct
[B] = ? (A) 2
91%
[A] = ? (A) 6
91%
[A] + [B] = ? (E) 8
91%
Which is the last question to have the answer B? (A) 25
88%
Which is the last question to have the answer E? (B) 16
88%
How many unique answers exist in the set {1,4,9,16,25}? (E) 5
84%
[E] = ? (A) 7
81%
[C] + [D] = ? (E) 10
81%
How many unique answers exist in the set {5,10,15,20,25}? (E) 5
81%
Questions 14, 15, and 16 all share which answer? (E) E
81%
Which is the last question to have the answer A? (C) 22
78%
What is the answer to question 11? (A) B
75%
What is the answer to question 10? (B) C
75%
What is the answer to question 9? (C) D
75%
What is the answer to question 13? (D) E
75%
Which set includes 3 unique answers? (E) {8,9,10}
75%
What is the answer to question 12? (E) A
75%
Which is the last question to have the answer C? (D) 21
72%
Which is the last question to have the answer D? (D) 24
69%
How long is the longest sequence of consecutive questions which have the same answer? (D) 4
69%
[D] = ? (C) 6
59%
What is the most common answer in the set {3,6,9,12,15,18,21,24}? (D) D
59%
[C] = ? (D) 4
56%
What is the most common answer in the set {2,3,5,7,11,13,15,19,23} (A) A
53%
How many unique answers exist in the set {18,19,20,21,22,23,24}? (C) 3
38%
No matching quizzes found
Score Distribution
Percent of People with Each Score
Percentile by Number Answered
Your Score History
You have not taken this quiz